Prostredie pre výskum a vývoj

Prehľad literatúry, v ktorej sa autori venujú otázkam konkurencie, výskumu a vývoja. Hodnotenie prostredia pre výskum a vývoj. Sledované premenné: výdavky na výskum a vývoj, dostupnosť najnovších technológií, adopcia technológií podnikmi, kapacita pre inovácie. Klastrová analýza.

Na minha lista:
Detalhes bibliográficos
Autor principal: Zagoršek, Branislav, 1984-
Formato: Capítulo de Livro
Idioma:eslovaco
Assuntos:
Tags: Adicionar Tag
Sem tags, seja o primeiro a adicionar uma tag!

MARC

LEADER 00000naa$a2200000$$$4500
001 0258144
005 20240502083732.8
041 0 |a slo 
044 |a CZ 
245 1 0 |a Prostredie pre výskum a vývoj  |c Branislav Zagoršek 
520 |a Prehľad literatúry, v ktorej sa autori venujú otázkam konkurencie, výskumu a vývoja. Hodnotenie prostredia pre výskum a vývoj. Sledované premenné: výdavky na výskum a vývoj, dostupnosť najnovších technológií, adopcia technológií podnikmi, kapacita pre inovácie. Klastrová analýza. 
610 2 0 |a výskum 
610 2 0 |a vývoj 
610 2 0 |a financie 
610 2 0 |a výdavky 
610 2 0 |a technológie nové 
610 2 0 |a inovácia 
610 2 0 |a analýzy 
610 2 0 |a klaster 
100 1 |a Zagoršek, Branislav, 1984-